banner-ar

الارشيف الصوتى : (Record no. 64212)

MARC details
000 -الفاتح
حقل البيانات ثابتة الطول 00901nam a22002417a 4500
005 - وقت وتاريخ اخر تعامل مع التسجيلة
رقم الضبط 20240530110720.0
008 - عناصر البيانات ثابتة الطول - معلومات عامة
حقل البيانات ثابتة الطول 180321s2016 ua k g b 000 0 ara d
017 ## - رقم الايداع القانونى
رقم الايداع القانونى 2016/11909
المصدر ( الهيئة المختصة) مصر. دار الكتب
020 ## - الرقم الدولى المعيارى للكتب
الرقم الدولى المعيارى للكتاب 9789773805005
040 ## - مصدر الفهرسة
وكالة الفهرسة الأصلية EG-CaGPL
082 04 - رقم تصنيف ديوى العشرى
رقم الطبعة 21
رقم التصنيف 025.178 /
رقم المادة ع أ
100 0# - المدخل الرئيسى - إسم شخصى
الإسم الشخصى عزت سعد حسان احمد
245 12 - بيان العنوان
العنوان الارشيف الصوتى :
بقية العنوان ضوابطه وسبل التعامل معه /
بيان المسئوليه,etc إعداد عزت سعد حسان احمد
250 ## - بيان الطبعة
بيان الطبعة ط.1
260 ## - PUBLICATION, DISTRIBUTION, ETC. (IMPRINT)
تاريخ النشر أو التوزيع 2016.
300 ## - الوصف المادى
التعداد 284 ص. :
تفاصيل ماديه اخرى للوعاء ايض ؛
أبعاد الوعاء 24 سم.
504 ## - تبصرة ببليوجرافية
تبصرة ببليوجرافية,الخ ببليوجرافية ص 269 : 277.
650 07 - المدخل الاضافى بالموضوع-مصطلح موضوعى
مصطلح موضوعي الوثائق
التقسيم الفرعي العام تصنيف
650 07 - المدخل الاضافى بالموضوع-مصطلح موضوعى
مصطلح موضوعي الوثائق
التقسيم الفرعي العام حفظ وترتيب
650 07 - المدخل الاضافى بالموضوع-مصطلح موضوعى
مصطلح موضوعي الوثائق الصوتية
942 ## - عناصر المدخل الإضافي( كوها)
مصدر التصنيف او مخطط الترفيف Dewey Decimal Classification
Koha [default] item type كتاب
260 ## - PUBLICATION, DISTRIBUTION, ETC. (IMPRINT)
-- القاهرة :
-- دار العلوم للنشر والتوزيع ،
Holdings
حالة التراجع حالة الفقد حالة تلف ليس للاعارة المكان المؤقت الموقع الحالى موقع الترفيف تاريخ الاكتساب اجمالي اﻻعارات رقم الطلب الباركود تاريخ اخر مشاهدة تاريخ تفعيل السعر نوع وعاء كوها
        مكتبة القاهرة الكبرى مكتبة القاهرة الكبرى القاعة الرئيسية 03/22/2018   025.178 / ع أ 164361 03/22/2018 03/22/2018 كتاب

Powered By

EGPV